All NFL Teams - Statistics

General Stats
  • This quiz has been taken 17 times
  • The average score is 35 of 79
Answer Stats
Hint Answer % Correct
1920 Present Arizona Cardinals
94%
1921 Present Green Bay Packers
94%
1995 Present Jacksonville Jaguars
88%
1960 Present Kansas City Chiefs
88%
1960 Present Los Angeles Chargers
88%
1960 Present New York Jets
88%
1930 Present Washington Commanders
88%
1996 Present Baltimore Ravens
81%
1926 1926 Brooklyn Lions
81%
1968 Present Cincinnati Bengals
81%
1936 Present Cleveland Browns
81%
1921 1922 Evansville Crimson Giants
81%
1960 Present New England Patriots
81%
1921 1921 New York Giants
81%
1925 Present New York Giants
81%
1960 Present Buffalo Bills
75%
1995 Present Carolina Panthers
75%
1920 Present Chicago Bears
75%
1960 Present Dallas Cowboys
75%
1952 1952 Dallas Texans
75%
1960 Present Denver Broncos
75%
1925 1926 Detroit Panthers
75%
2002 Present Houston Texans
75%
1924 1926 Kansas City Cowboys
75%
1960 Present Las Vegas Raiders
75%
1933 Present Los Angeles Rams
75%
1966 Present Miami Dolphins
75%
1961 Present Minnesota Vikings
75%
1932 Present Pittsburgh Steelers
75%
1946 Present San Francisco 49ers
75%
1976 Present Seattle Seahawks
75%
1976 Present Tampa Bay Buccaneers
75%
1960 Present Tennessee Titans
75%
1966 Present Atlanta Falcons
69%
1933 Present Philadelphia Eagles
69%
1950 1950 Baltimore Colts
63%
1933 1934 Cincinnati Reds
63%
1953 Present Indianapolis Colts
63%
1967 Present New Orleans Saints
63%
1926 1926 Los Angeles Buccaneers
44%
1930 1944 Brooklyn Dodgers
31%
1920 1920 Chicago Tigers
31%
1920 1921 Cleveland Tigers
31%
1920 1926 Columbus Tigers
31%
1921 1921 Detroit Tigers
31%
1943 1948 Boston Yanks
25%
1920 1926 Canton Bulldogs
25%
1931 1931 Cleveland Indians
25%
1949 1951 New York Bulldogs
25%
1927 1928 New York Yankees
25%
1925 1929 Pottsville Maroons/Boston Bulldogs
25%
1920 1929 Buffalo All-Americans
19%
1926 1926 Hartford Blues
19%
1925 1931 Providence Steam Roller
13%
1920 1926 Akron Pros
6%
1923 1927 Cleveland Indians
6%
1920 1926 Hammond Pros
6%
1922 1923 Oorang Indians
6%
1929 1930 Orange/Newark Tornadoes
6%
1922 1926 Racine Tornadoes
6%
1920 1925 Rochester Jeffersons
6%
1920 1925 Rock Island Independents
6%
1921 1921 Cincinnati Celts
0%
1920 1929 Dayton Triangles
0%
1920 1920 Detroit Heralds
0%
1928 1928 Detroit Wolverines
0%
1923 1927 Duluth Kelleys
0%
1924 1932 Frankford Yellowjackets
0%
1924 1924 Kenosha Maroons
0%
1921 1926 Louisville Brecks
0%
1922 1926 Milwaukee Badgers
0%
1921 1930 Minneapolis Red Jackets
0%
1920 1921 Muncie Flyers
0%
1929 1932 Staten Island Stapes
0%
1923 1923 St. Louis All-Stars
0%
1934 1934 St. Louis Gunners
0%
1922 1923 Toledo Maroons
0%
1921 1921 Tonawanda Kardex
0%
1921 1921 Washington Senators
0%
No matching quizzes found
Score Distribution
Percent of People with Each Score
Percentile by Number Answered
Your Score History
You have not taken this quiz